[Event "ESP-chT CECLUB 5th-12th"]
[Site "Linares"]
[Date "2013.08.25"]
[Round "2.4"]
[White "Reales Murto, Manuel Jose"]
[Black "Recuero Guerra, Javier"]
[Result "1/2-1/2"]
[WhiteElo "2292"]
[BlackElo "2228"]
[PlyCount "61"]
[EventDate "2013.08.24"]
[EventType "team-match"]
[EventRounds "2"]
[EventCountry "ESP"]
[SourceTitle "CBM 156 Extra"]
[Source "ChessBase"]
[SourceDate "2013.10.22"]
[SourceVersion "1"]
[SourceVersionDate "2013.10.22"]
[SourceQuality "1"]
[WhiteTeam "Pena Oromana"]
[BlackTeam "Oviedo Universidad"]
[WhiteTeamCountry "ESP"]
[BlackTeamCountry "ESP"]

1. Nf3 Nf6 2. g3 d5 3. Bg2 c6 4. 0-0 Bf5 5. b3 e6 6. Bb2 h6 7. d3 Be7 8. Ne5 Nbd7 9. Nxd7 Qxd7 10. Nd2 0-0 11. Nf3 a5 12. a4 Qc7 13. Qd2 Nd7 14. Qf4 Rac8 15. Qxc7 Rxc7 16. Ne5 Nxe5 17. Bxe5 Rd7 18. Bb2 Ra8 19. Rfc1 Bb4 20. Kf1 f6 21. c3 Be7 22. Ba3 Kf7 23. Ke1 e5 24. Bxe7 Kxe7 25. Kd2 d4 26. c4 Kd6 27. c5+ Kc7 28. Kc2 Be6 29. Kb2 Bd5 30. Bxd5 Rxd5 31. Rh1 1/2-1/2

[Event "ESP-chT CECLUB 5th-12th"]
[Site "Linares"]
[Date "2013.08.24"]
[Round "1.4"]
[White "Recuero Guerra, Javier"]
[Black "Reales Murto, Manuel Jose"]
[Result "1-0"]
[WhiteElo "2228"]
[BlackElo "2292"]
[PlyCount "121"]
[EventDate "2013.08.24"]
[EventType "team-match"]
[EventRounds "2"]
[EventCountry "ESP"]
[SourceTitle "CBM 156 Extra"]
[Source "ChessBase"]
[SourceDate "2013.10.22"]
[SourceVersion "1"]
[SourceVersionDate "2013.10.22"]
[SourceQuality "1"]
[WhiteTeam "Oviedo Universidad"]
[BlackTeam "Pena Oromana"]
[WhiteTeamCountry "ESP"]
[BlackTeamCountry "ESP"]

1. c4 Nf6 2. Nf3 g6 3. b4 Bg7 4. Bb2 0-0 5. g3 d6 6. Bg2 Bd7 7. 0-0 Qc8 8. Re1 Bh3 9. Bh1 h6 10. d3 Nbd7 11. Nbd2 Re8 12. a4 e5 13. a5 a6 14. Qc2 Rb8 15. Rec1 c6 16. Ne1 Nh5 17. b5 f5 18. bxc6 bxc6 19. Rab1 Qc7 20. Qa4 Rbc8 21. Ba3 e4 22. dxe4 f4 23. Bg2 Bg4 24. Nef3 fxg3 25. hxg3 Nhf6 26. c5 dxc5 27. Bxc5 Nxc5 28. Rxc5 Bd7 29. Qc2 Bf8 30. Rc3 Kh7 31. Nh4 Ng8 32. e5 Rxe5 33. Qxg6+ Kh8 34. Qf7 Bf5 35. Qxc7 Rxc7 36. Nxf5 Rxf5 37. Rf3 Rcf7 38. Nc4 Kg7 39. Rb6 Rc5 40. Rxf7+ Kxf7 41. Rxc6 Nf6 42. Rxc5 Bxc5 43. Bb7 Ke6 44. Bxa6 Kd5 45. Nd2 Bb4 46. Nb3 Ne8 47. Bd3 Kc6 48. Kg2 Nc7 49. e4 Ne6 50. f4 Nc5 51. Nxc5 Bxc5 52. g4 Ba7 53. Kf3 Kc5 54. e5 Kd5 55. Be4+ Ke6 56. Bb7 Bc5 57. Ke4 Ba7 58. a6 Bb8 59. Bc8+ Ke7 60. Kd5 Kd8 61. Bf5 1-0

[Event "ESP-chT CECLUB Div1 GpA"]
[Site "Linares"]
[Date "2013.08.22"]
[Round "4.3"]
[White "Taboas Rodriguez, Daniel"]
[Black "Reales Murto, Manuel Jose"]
[Result "1-0"]
[WhiteElo "2412"]
[BlackElo "2292"]
[PlyCount "180"]
[EventDate "2013.08.19"]
[EventType "team-tourn"]
[EventRounds "5"]
[EventCountry "ESP"]
[SourceTitle "CBM 156 Extra"]
[Source "ChessBase"]
[SourceDate "2013.10.22"]
[SourceVersion "1"]
[SourceVersionDate "2013.10.22"]
[SourceQuality "1"]
[WhiteTeam "Camfil 64 Villalba"]
[BlackTeam "Pena Oromana"]
[WhiteTeamCountry "ESP"]
[BlackTeamCountry "ESP"]

1. d4 Nf6 2. Nf3 d5 3. c4 c6 4. cxd5 cxd5 5. Nc3 e6 6. Bf4 Bd7 7. e3 Qb6 8. Rb1 Nc6 9. Bd3 Nh5 10. Be5 Be7 11. 0-0 0-0 12. Ng5 Bxg5 13. Qxh5 h6 14. Bd6 Be7 15. Bf4 Qd8 16. Rbd1 Rc8 17. e4 Nb4 18. exd5 Nxd3 19. Rxd3 Bg5 20. Bxg5 Qxg5 21. Qxg5 hxg5 22. dxe6 Bxe6 23. d5 Bf5 24. Re3 Rfd8 25. f3 f6 26. Re7 Rd7 27. Rfe1 Kf8 28. Rxd7 Bxd7 29. Kf2 b6 30. Re4 Bf5 31. Re2 Rc4 32. Nb5 Rc5 33. Nxa7 Rxd5 34. Nc6 Bd7 35. Nb4 Rd6 36. a3 Bb5 37. Rc2 Bd7 38. Ke1 Be8 39. Rd2 Re6+ 40. Re2 Rd6 41. Na2 Kf7 42. Nc3 Bc6 43. Rd2 Rxd2 44. Kxd2 g4 45. Ke3 gxf3 46. gxf3 g5 47. f4 Kg6 48. Ne2 Kh5 49. Nd4 Bd5 50. Kf2 gxf4 51. Nb5 Kg4 52. Nd6 Be6 53. Ne8 Kg5 54. Nc7 Bc4 55. Na8 b5 56. Nb6 Be6 57. Na8 Kg4 58. Nc7 Bc4 59. Ne8 Kg5 60. Nd6 Bd3 61. Kf3 Bf1 62. h4+ Kxh4 63. Kxf4 Kh3 64. Kf5 Kg3 65. Ne4+ Kg2 66. Kxf6 Bd3 67. Nc5 Bf1 68. Ke5 Kf2 69. Kd4 Ke1 70. Kc3 Kd1 71. Nb3 Ke2 72. Nd4+ Ke3 73. Ne6 Ke4 74. Nc7 Ke5 75. Kb4 Kd6 76. Nxb5+ Kc6 77. Nc3 Kb6 78. a4 Ka6 79. Kc5 Ka5 80. b4+ Ka6 81. Nd5 Be2 82. Ne3 Kb7 83. b5 Ka7 84. a5 Kb7 85. Nd5 Bf1 86. Kb4 Bg2 87. a6+ Ka7 88. Nc3 Bh1 89. Ka5 Bg2 90. b6+ Ka8 1-0

[Event "ESP-chT CECLUB Div1 GpA"]
[Site "Linares"]
[Date "2013.08.19"]
[Round "1.2"]
[White "Zhigalko, Andrey"]
[Black "Reales Murto, Manuel Jose"]
[Result "1-0"]
[WhiteElo "2603"]
[BlackElo "2292"]
[PlyCount "49"]
[EventDate "2013.08.19"]
[EventType "team-tourn"]
[EventRounds "5"]
[EventCountry "ESP"]
[SourceTitle "CBM 156 Extra"]
[Source "ChessBase"]
[SourceDate "2013.10.22"]
[SourceVersion "1"]
[SourceVersionDate "2013.10.22"]
[SourceQuality "1"]
[WhiteTeam "Ajoblanco Extremadura"]
[BlackTeam "Pena Oromana"]
[WhiteTeamCountry "ESP"]
[BlackTeamCountry "ESP"]

1. c4 c6 2. e4 e6 3. d4 d5 4. e5 c5 5. Nf3 Nc6 6. cxd5 exd5 7. Bb5 a6 8. Bxc6+ bxc6 9. 0-0 c4 10. b3 cxb3 11. axb3 Nh6 12. h3 Nf5 13. Nc3 h5 14. Na4 Be7 15. Qc2 g5 16. Bxg5 Bxg5 17. Nxg5 Nxd4 18. Qd2 Ne6 19. f4 d4 20. Ne4 Ng7 21. Nd6+ Kf8 22. f5 Rb8 23. Nc5 Qh4 24. Ra4 Qg3 25. Nxc8 1-0

[Event "ESP-chT CECLUB Permanencia"]
[Site "Burguillos"]
[Date "2010.08.14"]
[Round "1"]
[White "Reales Murto, Manuel Jose"]
[Black "Gonzalez de la Nava, Amador"]
[Result "1/2-1/2"]
[WhiteElo "2272"]
[BlackElo "2302"]
[PlyCount "90"]
[EventDate "2010.08.09"]
[EventType "team"]
[EventRounds "2"]
[EventCountry "ESP"]
[SourceTitle "CBM 137 Extra"]
[Source "ChessBase"]
[SourceDate "2010.09.01"]
[SourceVersion "1"]
[SourceVersionDate "2010.09.01"]
[SourceQuality "1"]

1. Nf3 Nf6 2. g3 d5 3. Bg2 e6 4. 0-0 c5 5. d3 Nc6 6. Nc3 d4 7. Nb1 Be7 8. e4 e5 9. a4 0-0 10. Na3 Ne8 11. Nc4 f6 12. Nh4 g6 13. Bh6 Rf7 14. f4 Bf8 15. Bxf8 Rxf8 16. fxe5 Nxe5 17. Nxe5 fxe5 18. Qd2 Rxf1+ 19. Rxf1 Kg7 20. b4 b6 21. bxc5 bxc5 22. Nf3 Qe7 23. c3 Bg4 24. cxd4 Bxf3 25. Bxf3 cxd4 26. Bd1 Rb8 27. Qa2 Nf6 28. a5 Rc8 29. Bb3 Rf8 30. Be6 Ne8 31. Rb1 Qg5 32. Qe2 Nd6 33. Kg2 Qf6 34. Bd5 Rc8 35. h4 h5 36. Rf1 Qe7 37. Qb2 Qc7 38. Qb4 Qc5 39. Qe1 Rf8 40. Rxf8 Kxf8 41. Qd2 Kg7 42. Qg5 Nf7 43. Bxf7 Kxf7 44. Qd8 Qc2+ 45. Kh3 Qc5 1/2-1/2

[Event "ESP-chT CECLUB GpB"]
[Site "Burguillos"]
[Date "2010.08.13"]
[Round "5"]
[White "Reales Murto, Manuel Jose"]
[Black "Andres Gonzalez, Ivan"]
[Result "1/2-1/2"]
[WhiteElo "2272"]
[BlackElo "2326"]
[PlyCount "29"]
[EventDate "2010.08.09"]
[EventType "team"]
[EventRounds "5"]
[EventCountry "ESP"]
[SourceTitle "CBM 137 Extra"]
[Source "ChessBase"]
[SourceDate "2010.09.01"]
[SourceVersion "1"]
[SourceVersionDate "2010.09.01"]
[SourceQuality "1"]

1. e4 c5 2. Nf3 Nc6 3. c4 g6 4. d4 cxd4 5. Nxd4 Bg7 6. Be3 Nf6 7. Nc3 0-0 8. Be2 d6 9. 0-0 Bd7 10. Rc1 Nxd4 11. Bxd4 Bc6 12. f3 Qa5 13. Qd2 Rfc8 14. Rfd1 a6 15. Be3 1/2-1/2

[Event "ESP-chT2 Gr2"]
[Site "Burguillos"]
[Date "2009.08.05"]
[Round "1"]
[White "Rodriguez Perez, Miguel Angel"]
[Black "Reales Murto, Manuel Jose"]
[Result "1/2-1/2"]
[WhiteElo "2053"]
[BlackElo "2303"]
[PlyCount "135"]
[EventDate "2009.08.05"]
[EventType "team-swiss"]
[EventRounds "6"]
[EventCountry "ESP"]
[SourceTitle "CBM 131 Extra"]
[Source "ChessBase"]
[SourceDate "2009.09.03"]
[SourceVersion "2"]
[SourceVersionDate "2009.09.16"]
[SourceQuality "1"]

1. e4 e6 2. d4 d5 3. exd5 exd5 4. Bf4 Nf6 5. Nc3 Bb4 6. Nge2 Bf5 7. f3 Nbd7 8. g4 Bg6 9. h4 h5 10. g5 Ng8 11. a3 Bxc3+ 12. Nxc3 c6 13. Qe2+ Qe7 14. 0-0-0 Qxe2 15. Nxe2 Ne7 16. Bh3 Bf5 17. Bxf5 Nxf5 18. Ng3 Nxg3 19. Bxg3 0-0-0 20. Rde1 Rhe8 21. Kd2 b6 22. Rxe8 Rxe8 23. Re1 Rxe1 24. Kxe1 Nf8 25. Be5 Ng6 26. Bg3 Kd7 27. Ke2 Ke6 28. Ke3 Kf5 29. b3 Nf8 30. c4 Ne6 31. cxd5 cxd5 32. a4 Nf8 33. b4 a6 34. b5 axb5 35. axb5 Ne6 36. Bb8 f6 37. gxf6 Kxf6 38. Ba7 Nc7 39. Bxb6 Nxb5 40. Kf4 Nd6 41. Bd8+ Ke6 42. Bb6 Nf7 43. Bc7 g6 44. Bb6 Kd6 45. Ba7 Kc6 46. Bb8 Kb5 47. Ke3 Kc4 48. Bf4 Nd8 49. Be5 Ne6 50. Bf6 Kc3 51. Be5 Kc2 52. Ke2 Kc1 53. Bf6 Nf4+ 54. Ke3 Ne6 55. Ke2 Kc2 56. Be5 Kc3 57. Ke3 Kc4 58. Bf6 Kb5 59. Be5 Kc6 60. Bh8 Kd7 61. Be5 Ke7 62. Kf2 Kf8 63. Kg2 Kf7 64. Kg3 Nd8 65. Kf4 Ne6+ 66. Kg3 Kg8 67. Kg2 Kf7 68. Kg3 1/2-1/2

[Event "ESP-chT CECLUB Sur Div 1"]
[Site "Burguillos"]
[Date "2007.08.23"]
[Round "3"]
[White "Garcia Cuenca, Victor Manuel"]
[Black "Reales Murto, Manuel Jose"]
[Result "1-0"]
[WhiteElo "2303"]
[BlackElo "2249"]
[PlyCount "77"]
[EventDate "2007.08.22"]
[EventType "team-tourn"]
[EventRounds "6"]
[EventCountry "ESP"]
[SourceTitle "CBM 119 Extra"]
[Source "ChessBase"]
[SourceDate "2007.09.04"]
[SourceVersion "1"]
[SourceVersionDate "2007.09.04"]
[SourceQuality "1"]

1. d4 d5 2. c4 c6 3. Nf3 Nf6 4. Nc3 e6 5. e3 Nbd7 6. Qc2 Bd6 7. b3 0-0 8. Be2 dxc4 9. bxc4 Qe7 10. 0-0 e5 11. Rb1 Re8 12. Re1 h6 13. h3 Rb8 14. c5 Bc7 15. Bc4 e4 16. Nd2 Nf8 17. f3 exf3 18. Nxf3 Ng6 19. Qxg6 b5 20. cxb6 axb6 21. Qc2 b5 22. Bd3 Bb7 23. e4 Ba5 24. Bd2 Bb6 25. e5 Nd7 26. Ne4 Nxe5 27. Nxe5 Bxd4+ 28. Kh1 Bxe5 29. Bc3 Qh4 30. Bxe5 Rxe5 31. Re2 Rd8 32. Nd6 Rxe2 33. Qxe2 Bc8 34. Nxc8 Rxc8 35. Rf1 Qd4 36. Qf3 Qa7 37. Qf5 Rd8 38. Qh7+ Kf8 39. Re1 1-0

[Event "ESP-chT CECLUB Sur Div 1"]
[Site "Burguillos"]
[Date "2007.08.23"]
[Round "2"]
[White "Reales Murto, Manuel Jose"]
[Black "Mascaro March, Pedro"]
[Result "1-0"]
[WhiteElo "2249"]
[BlackElo "2390"]
[PlyCount "91"]
[EventDate "2007.08.22"]
[EventType "team-tourn"]
[EventRounds "6"]
[EventCountry "ESP"]
[SourceTitle "CBM 119 Extra"]
[Source "ChessBase"]
[SourceDate "2007.09.04"]
[SourceVersion "1"]
[SourceVersionDate "2007.09.04"]
[SourceQuality "1"]

1. Nf3 c5 2. b3 Nc6 3. Bb2 d6 4. e3 Bg4 5. h3 Bh5 6. c4 e6 7. Be2 Nf6 8. Nc3 Be7 9. 0-0 0-0 10. Rc1 Qa5 11. d3 a6 12. g4 Bg6 13. Nh4 d5 14. Nxg6 hxg6 15. g5 Ne8 16. cxd5 exd5 17. Nxd5 Bxg5 18. Qc2 Nf6 19. Bc3 Qa3 20. Nb6 c4 21. Nxa8 cxd3 22. Bxd3 Rxa8 23. Rfd1 Qe7 24. Bxf6 Qxf6 25. Be4 Bh4 26. Rd2 Ne7 27. Bxb7 Rb8 28. Qc7 Rf8 29. Bg2 Rc8 30. Rd8+ Rxd8 31. Qxd8+ Kh7 32. Qd2 Nf5 33. a4 Qe5 34. b4 Be7 35. Qc3 Qb8 36. Rb1 Bf6 37. Qc4 Qd6 38. b5 axb5 39. axb5 Bd8 40. Qd5 Qf6 41. Qc6 Qe5 42. Qd5 Qf6 43. Qc6 Qe5 44. b6 Be7 45. b7 Bd6 46. Qxd6 1-0

[Event "Narciso Yepes Memorial"]
[Site "Lorca"]
[Date "2005.??.??"]
[Round "?"]
[White "Alonso, Marcos"]
[Black "Reales Murto, Manuel Jose"]
[Result "1/2-1/2"]
[WhiteElo "2214"]
[BlackElo "2268"]
[PlyCount "65"]
[EventDate "2005.07.01"]
[EventType "swiss"]
[EventRounds "9"]
[EventCountry "ESP"]
[SourceTitle "CBM 107 Extra"]
[Source "ChessBase"]
[SourceDate "2005.09.01"]
[SourceVersion "1"]
[SourceVersionDate "2005.09.01"]
[SourceQuality "1"]

1. Nf3 Nf6 2. d4 g6 3. g3 Bg7 4. Bg2 0-0 5. 0-0 c6 6. Nbd2 d5 7. c4 Qb6 8. b3 Bg4 9. Bb2 Bxf3 10. Bxf3 Rd8 11. Qc2 e6 12. Rfd1 a5 13. e4 dxe4 14. Bxe4 Na6 15. a3 Rd7 16. Bg2 Qd8 17. Nf3 Ne8 18. Ne5 Rc7 19. Qe2 Nf6 20. Bc3 Nb8 21. b4 axb4 22. axb4 Rxa1 23. Rxa1 Nfd7 24. Qf3 Nxe5 25. dxe5 Bf8 26. Ra8 Rc8 27. h4 Na6 28. Rxc8 Qxc8 29. b5 cxb5 30. cxb5 Nc7 31. Qxb7 Qxb7 32. Bxb7 Nxb5 33. Bb2 1/2-1/2

[Event "Narciso Yepes Memorial"]
[Site "Lorca"]
[Date "2005.??.??"]
[Round "?"]
[White "Reales Murto, Manuel Jose"]
[Black "Costa Costa, Enrique"]
[Result "1-0"]
[WhiteElo "2268"]
[BlackElo "2024"]
[PlyCount "49"]
[EventDate "2005.07.01"]
[EventType "swiss"]
[EventRounds "9"]
[EventCountry "ESP"]
[SourceTitle "CBM 107 Extra"]
[Source "ChessBase"]
[SourceDate "2005.09.01"]
[SourceVersion "1"]
[SourceVersionDate "2005.09.01"]
[SourceQuality "1"]

1. b3 d5 2. Bb2 c5 3. e3 Nc6 4. Bb5 a6 5. Bxc6+ bxc6 6. f4 Nf6 7. Nf3 e6 8. 0-0 Bd6 9. Ne5 Qc7 10. d3 0-0 11. Nd2 Nd7 12. Qh5 f6 13. Nef3 Nb6 14. Kh1 Qf7 15. Qh4 Bd7 16. Rg1 Be8 17. g4 Nd7 18. Raf1 Be7 19. Qg3 Bd6 20. Ne5 Nxe5 21. fxe5 Bc7 22. Qh4 Bd8 23. exf6 gxf6 24. g5 f5 25. g6 1-0

[Event "ESP-chT"]
[Site "Cordoba"]
[Date "1995.??.??"]
[Round "7"]
[White "Reales Murto, Manuel Jose"]
[Black "Garcia Monteavaro, Carlos"]
[Result "0-1"]
[WhiteElo "2265"]
[BlackElo "2130"]
[PlyCount "84"]
[EventDate "1995.??.??"]
[EventType "team-tourn"]
[EventRounds "9"]
[EventCountry "ESP"]
[SourceTitle "EXT 2000"]
[Source "ChessBase"]
[SourceDate "1999.11.16"]
[SourceVersion "1"]
[SourceVersionDate "1999.11.16"]
[SourceQuality "1"]

1. d4 Nf6 2. Nf3 g6 3. Bg5 Bg7 4. Nbd2 d6 5. e4 0-0 6. c3 c5 7. dxc5 dxc5 8. Bc4 Qc7 9. 0-0 Nc6 10. Re1 h6 11. Bh4 e5 12. Qc2 g5 13. Bg3 Bg4 14. h3 Bh5 15. h4 g4 16. Nh2 Bg6 17. Ndf1 Rad8 18. Ne3 h5 19. Nf5 a6 20. Nf1 b5 21. Be2 Rd7 22. N1e3 Rfd8 23. Rad1 Bf8 24. f3 gxf3 25. gxf3 c4 26. Rxd7 Rxd7 27. Rd1 Bc5 28. Kh2 Kf8 29. a4 Ne7 30. Rxd7 Nxd7 31. Nxe7 Bxe7 32. Nd5 Qc6 33. axb5 axb5 34. b3 Qxd5 35. bxc4 bxc4 36. Qa4 Qd6 37. Qxc4 f6 38. Qc8+ Be8 39. Bb5 Qd2+ 40. Kh3 Bc5 41. c4 Bg1 42. Qd8 Qe2 0-1